000 00299 a2200133 4500
000 nam a22 7a 4500
100 _aManish Kapoor
110 _aManish Kapoor
245 _aAdvances in Nanotechnology
250 _alatest edition
260 _bABD
_c2023
264 _bABD
_c2023
942 _cBK
999 _c396390
_d396390